Les 10 plus longs réseaux de métro au monde - Statistiques

Statistiques générales
  • Ce quiz a été pris 115 fois
  • Le résultat moyen est 8 sur 10
Statistiques - réponses
Classement Villes % Correct
10 Paris (France) : 219 km
100%
4 Londres (Royaume-Uni) : 421 km
98%
6 New York (Etats-Unis) : 380 km
97%
8 Tokyo (Japon) : 304 km
97%
3 Pékin (Chine) : 527km
94%
7 Moscou (Russie) : 346 km
80%
2 Shanghai (Chine) : 644 km
75%
9 Madrid (Espagne) : 284 km
63%
1 Séoul (Corée du Sud) : 981,5 km
61%
5 Guangzhou (Chine) : 390,7 km
47%
Aucun quiz correspondant
Distribution des résultats
% des personnes avec chaque résultat
Percentile par nombre de réponses
Votre historique - résultats
Vous n’avez pas pris ce quiz